00000000nas##2200000za#4500
0019.509624
003CaOODSP
00520200325104230
007ta
008150406c1994||||xxc|| m #||||f|   |0eng|d
040 |aCaOODSP|beng
041 |aeng
041 |afre
043 |an-cn---
0861 |aSC91-5
1101 |aCanada.|bCanadian Centre for Management Development.
24514|aThe Jean Edmonds Lecture : |bwomen and work
260 |aOttawa - Ontario : |bCanadian Centre for Management Development
546 |aBilingual
563 |aSoftcover
792 |tLa conférence Jean Edmonds : |efre|w(CaOODSP)9.509625